| 000 | 00755cam a2200181 i 4500 | ||
|---|---|---|---|
| 020 | _a0309030706 | ||
| 082 | 0 | 0 |
_a380.5 s _a625.84 _bNAT _cDonated |
| 110 | 2 |
_aNational Research Council (U.S.). _920017 |
|
| 245 | 1 | 0 |
_aConcrete pavements and pavement overlays / _cTransportation Research Board, Commission on Sociotechnical Systems, National Research Council. |
| 260 |
_aWashington, D.C. : _bNational Academy of Sciences, _c1980. |
||
| 300 |
_aiv, 48 p. : _bill. ; _c28 cm. |
||
| 500 | _aReports prepared for the 59th annual meeting of the Transportation Research Board. | ||
| 526 |
_a0 _b0 _c0 _d380_500000000000000_S_NAT |
||
| 650 | 0 |
_aMCE _9379 |
|
| 650 | 0 |
_aPavements, Asphalt concrete. _921880 |
|
| 650 | 0 |
_aPavements, Concrete. _920053 |
|
| 942 |
_2ddc _cBK |
||
| 999 |
_c547691 _d547691 |
||